Statistics for Freddie Dredd - Freddie's Inferno (2022)

Click here to take the quiz!

General Stats

  • This quiz has been taken 3 times
  • The average score is 9 of 14

Answer Stats

SongViews (On YT Music)Feat.% Correct
1.Limbo158.000.000
100%
2.Lust3.600.000
100%
5.Wrath25.000.000
100%
9.Fraud627.000
67%
3.Gluttony1.200.000
67%
4.Greed9.000.000
67%
14.Kick Rocks9.000.000Lil Darkie
67%
6.Pull the Trigger592.000
67%
12.Tip Toe946.000
67%
10.Treachery810.000
67%
13.Want5.900.000prodby668
67%
7.Heresy630.000
33%
11.Regardless1.200.000
33%
8.Violence647.000
33%

Score Distribution

Percentile by Number Answered

Percent of People with Each Score

Your Score History

You have not taken this quiz